| 000 | 00605nam a2200217Ia 4500 | ||
|---|---|---|---|
| 005 | 20250508154448.0 | ||
| 008 | 008 250505s9999 xx 000 0 eng d | ||
| 037 | _aBooks to be hide in OPAC | ||
| 040 |
_aFEDL _beng _cFEDL |
||
| 041 |
_aeng _2eng |
||
| 084 |
_a370.15, CRO/O _qFEDL |
||
| 100 |
_aCrow L D _9607614 |
||
| 245 | 0 | _aEducational psychology | |
| 260 |
_aNew Delhi, India _bEurasia Publications _c1964 |
||
| 300 | _a574p | ||
| 365 |
_aINR _b9 |
||
| 650 | _aEducational Psychology | ||
| 700 |
_a Crow A _9765483 |
||
| 942 |
_cHB _h370.15, CRO/O |
||
| 999 |
_c1350392 _d1350392 |
||